[Event "45th Olympiad Budapest 2024"]
[Site "Budapest"]
[Date "2024.09.13"]
[Round "3"]
[Board "3"]
[White "Vasquez Vasquez, Marielos"]
[Black "Pica, Eleni"]
[Result "1/2-1/2"]
[WhiteElo "1844"]
[BlackElo "1609"]
[PlyCount "136"]
[EventDate "2024.09.11"]
[EventType "team-tourn"]
[EventRounds "11"]
[EventCountry "HUN"]
[WhiteTeam "El Salvador"]
[BlackTeam "Cyprus"]
[WhiteTeamCountry "ESA"]
[BlackTeamCountry "CYP"]

1. d4 {[%emt 0:00:08]} Nf6 {[%emt 0:00:05]} 2. c4 {[%emt 0:00:15]} e6 {[%emt 0:00:09]} 3. Nf3 {[%emt 0:00:26]} d5 {[%emt 0:00:12]} 4. g3 {[%emt 0:00:27]} dxc4 {[%emt 0:00:23]} 5. Bg2 {[%emt 0:01:02]} Bb4+ {[%emt 0:00:18]} 6. Bd2 {[%emt 0:00:54]} c5 {[%emt 0:00:14]} 7. e3 $146 {[%emt 0:02:24]} ({RR} 7. Qc2 Bxd2+ 8. Nbxd2 cxd4 9. Nxc4 Nc6 10. O-O d3 11. Qxd3 Qxd3 12. exd3 Ke7 13. Rac1 Nb4 14. Nce5 Nbd5 15. Ng5 h6 16. Ne4 Rd8 17. Rfd1 Nd7 18. d4 N7b6 19. Nc3 f6 20. Nd3 Nxc3 21. bxc3 Nc4 {½-½ Lamard,G (2143)-Ollier,P (2293) FRA-ch Accession 2010 (4)}) ({RR} 7. dxc5 Bxc5 8. O-O O-O 9. Qc2 Nc6 10. Qxc4 Be7 11. Rd1 e5 12. Nc3 Be6 13. Qa4 Qb6 14. Ng5 Ng4 15. Rf1 Bxg5 16. Bxg5 h6 17. Bxc6 hxg5 18. Bg2 f5 19. Qb5 e4 20. Bh3 Qxb5 21. Nxb5 Bc4 {½-½ Aronian,L (2783)-Adams,M (2728) EU-Cup 26th Plovdiv 2010 (7.1)}) ({RR} 7. Bxb4 cxb4 8. Ne5 O-O 9. a3 Nd5 10. Nxc4 Qc7 11. Ne5 Nc6 12. Nxc6 bxc6 13. O-O Rd8 14. Nd2 Ba6 15. Nb3 bxa3 16. Rxa3 Bb5 17. Qc2 a5 18. Rc1 a4 19. Nc5 Nb6 20. Qe4 Nc4 21. Ra2 Nd2 {½-½ Davtyan,A (2392)-Grebnev,A (2535) Andranik Margaryan Mem GM 2024 (4.2)}) ({RR} 7. a3 Bxd2+ 8. Nbxd2 cxd4 9. Nxc4 Nc6 10. O-O O-O 11. Rc1 Re8 12. b4 a6 13. Nfe5 Bd7 14. f4 Re7 15. Nd6 Qb8 16. Ndc4 Qa7 17. Qd2 Nd5 18. Bxd5 exd5 19. Nxc6 Bxc6 20. Ne5 Bb5 21. Rc5 f6 {0-1 Alizadeh,M (2040)-Qalichava,A (2208) 6th Baskent University Op 2023 (4.5)}) ({RR} 7. dxc5 Bxc5 8. Qc2 Bd7 9. O-O Qc7 10. Na3 Bxa3 11. bxa3 b5 12. Rfd1 O-O 13. Bf4 Qb6 14. Rd6 Bc6 15. Rad1 Qb7 16. h4 Bd5 17. R1xd5 Nxd5 18. Ng5 g6 19. h5 Nc6 20. hxg6 hxg6 21. Nxe6 Nxf4 {1-0 Jedraszek,P (2059)-Murawski,J (1958) 59th Rubinstein Mem Open 2023 (9.22)}) 7... O-O {[%emt 0:01:40]} 8. O-O {[%emt 0:04:50]} Nc6 {[%emt 0:09:55]} 9. Bxb4 {[%emt 0:07:01]} cxb4 {[%emt 0:02:47]} 10. Nbd2 {[%emt 0:01:58]} Rb8 {[%emt 0:05:13]} 11. Nxc4 {[%emt 0:00:53]} b5 {[%emt 0:03:35]} 12. Nce5 {[%emt 0:06:29]} Nxe5 {[%emt 0:05:46]} 13. Nxe5 {[%emt 0:00:20]} Bb7 {[%emt 0:00:52]} 14. Nc6 {[%emt 0:14:47]} Bxc6 {[%emt 0:01:16]} 15. Bxc6 {[%emt 0:00:10]} Nd5 {[%emt 0:20:16]} 16. Rc1 {[%emt 0:03:51]} Ne7 {[%emt 0:06:36]} 17. Be4 {[%emt 0:03:22]} Rc8 {[%emt 0:03:52]} 18. Qd3 {[%emt 0:01:02]} f5 {[%emt 0:03:58]} 19. Bg2 {[%emt 0:01:00]} Qb6 {[%emt 0:01:59]} 20. Qb3 {[%emt 0:01:47]} a5 {[%emt 0:00:34]} 21. d5 {[%emt 0:13:39]} a4 {[%emt 0:08:22]} 22. Qxb4 {[%emt 0:01:10]} Nxd5 {[%emt 0:00:36]} 23. Bxd5 {[%emt 0:03:45]} exd5 {[%emt 0:00:09]} 24. Rfd1 {[%emt 0:00:33]} Qb7 {[%emt 0:06:53]} 25. b3 {[%emt 0:05:06]} axb3 {[%emt 0:02:27]} 26. Qxb3 {[%emt 0:00:10]} Rc4 {[%emt 0:01:48]} 27. Rb1 {[%emt 0:02:04]} Rb8 {[%emt 0:01:57]} 28. Qd3 {[%emt 0:00:44]} g6 {[%emt 0:06:30]} 29. Qxd5+ {[%emt 0:01:31]} Qxd5 {[%emt 0:00:05]} 30. Rxd5 {[%emt 0:00:10]} b4 {[%emt 0:00:27]} 31. Rd2 {[%emt 0:00:26]} Rc3 {[%emt 0:01:46]} 32. Rdb2 {[%emt 0:00:12]} Ra3 {[%emt 0:00:38]} 33. Rxb4 {[%emt 0:00:44]} Rxb4 {[%emt 0:00:08]} 34. Rxb4 {[%emt 0:00:04]} Rxa2 {[%emt 0:00:11]} 35. Rb7 {[%emt 0:00:28]} Rd2 {[%emt 0:00:59]} 36. Kg2 {[%emt 0:00:50]} Ra2 {[%emt 0:00:56]} 37. h3 {[%emt 0:00:54]} h6 {[%emt 0:02:11]} 38. Kf3 {[%emt 0:00:51]} Rc2 {[%emt 0:01:01]} 39. g4 {[%emt 0:00:56]} Rc5 {[%emt 0:02:08]} 40. Kg3 {[%emt 0:03:19]} Ra5 {[%emt 0:00:55]} 41. gxf5 {[%emt 0:04:41]} Rxf5 {[%emt 0:00:24]} 42. h4 {[%emt 0:00:26]} Re5 {[%emt 0:00:53]} 43. Kg4 {[%emt 0:01:27]} Re4+ {[%emt 0:01:27]} 44. Kg3 {[%emt 0:00:16]} h5 {[%emt 0:03:37]} 45. Rb3 {[%emt 0:02:17]} Rg4+ {[%emt 0:02:24]} 46. Kh3 {[%emt 0:00:16]} Rg1 {[%emt 0:01:41]} 47. Rb4 {[%emt 0:02:31]} Re1 {[%emt 0:02:30]} 48. Kg3 {[%emt 0:06:09]} Rg1+ {[%emt 0:01:27]} 49. Kf3 {[%emt 0:02:21]} Kf7 {[%emt 0:03:17]} 50. Rf4+ {[%emt 0:01:56]} Ke6 {[%emt 0:02:12]} 51. Ke4 {[%emt 0:02:49]} Ra1 {[%emt 0:00:57]} 52. Kd3 {[%emt 0:03:52]} Ra3+ {[%emt 0:01:26]} 53. Ke2 {[%emt 0:00:58]} Ra2+ {[%emt 0:00:38]} 54. Kf3 {[%emt 0:03:26]} Ra3 {[%emt 0:01:07]} 55. Rb4 {[%emt 0:01:03]} Kf5 {[%emt 0:05:39]} 56. Rb5+ {[%emt 0:00:46]} Ke6 {[%emt 0:01:04]} 57. Kf4 {[%emt 0:01:29]} Ra1 {[%emt 0:01:57]} 58. f3 {[%emt 0:04:17]} Rh1 {[%emt 0:03:48]} 59. Kg3 {[%emt 0:00:27]} Rg1+ {[%emt 0:00:51]} 60. Kh2 {[%emt 0:00:44]} Ra1 {[%emt 0:00:45]} 61. e4 {[%emt 0:01:33]} Ra6 {[%emt 0:00:57]} 62. Kg3 {[%emt 0:01:49]} Ra1 {[%emt 0:00:50]} 63. Rb3 {[%emt 0:01:34]} Rg1+ {[%emt 0:00:31]} 64. Kh2 {[%emt 0:00:24]} Ra1 {[%emt 0:00:18]} 65. Kg3 {[%emt 0:02:05]} Rg1+ {[%emt 0:00:54]} 66. Kh2 {[%emt 0:00:08]} Ra1 {[%emt 0:00:15]} 67. Kg3 {[%emt 0:00:08]} Rg1+ {[%emt 0:00:11]} 68. Kh2 {[%emt 0:00:09]} Ra1 {[%emt 0:00:13]} 1/2-1/2

[Event "45th Olympiad Budapest 2024"]
[Site "Budapest"]
[Date "2024.09.13"]
[Round "3"]
[Board "1"]
[White "Hamadeh, Sally"]
[Black "Mayorga Araya, Sofia"]
[Result "0-1"]
[WhiteElo "1557"]
[BlackElo "2059"]
[PlyCount "130"]
[EventDate "2024.09.11"]
[EventType "team-tourn"]
[EventRounds "11"]
[EventCountry "HUN"]
[WhiteTeam "Lebanon"]
[BlackTeam "Costa Rica"]
[WhiteTeamCountry "LBN"]
[BlackTeamCountry "CRI"]

1. e4 {[%emt 0:00:07]} c5 {[%emt 0:00:06]} 2. Nf3 {[%emt 0:00:13]} Nc6 {[%emt 0:00:10]} 3. d4 {[%emt 0:00:16]} cxd4 {[%emt 0:00:09]} 4. Nxd4 {[%emt 0:00:30]} g6 {[%emt 0:00:19]} 5. Nc3 {[%emt 0:00:22]} Bg7 {[%emt 0:00:18]} 6. Be3 {[%emt 0:01:10]} Nf6 {[%emt 0:00:20]} 7. Be2 {[%emt 0:01:12]} O-O {[%emt 0:01:19]} 8. O-O {[%emt 0:01:24]} d5 {[%emt 0:02:21]} 9. exd5 {[%emt 0:12:58]} Nxd5 {[%emt 0:01:58]} 10. Nxd5 {[%emt 0:06:57]} Qxd5 {[%emt 0:02:35]} 11. Bf3 {[%emt 0:04:23]} Qc4 {[%emt 0:01:01]} 12. Nxc6 {[%emt 0:09:41]} bxc6 {[%emt 0:00:12]} 13. c3 {[%emt 0:08:46]} Bf5 {[%emt 0:08:19]} 14. b3 {[%emt 0:09:15]} ({RR} 14. Qb3 Qa6 15. Bc5 Rfe8 16. Rfe1 e5 17. Be2 Qa5 18. Qa3 Qxa3 19. Bxa3 a5 20. Bc4 Red8 21. Rad1 a4 22. f3 Rab8 23. Be7 Rxd1 24. Rxd1 Bf8 25. Rd8 Rxd8 26. Bxd8 Bc5+ 27. Kf1 Kg7 28. g4 Bb1 {½-½ Perez Garcia,R (2412)-Smith,B (2441) Quebec-ch op 2012 (7)}) ({RR} 14. Qb3 Qa6 15. Bc5 Rab8 16. Qa3 Qxa3 17. Bxa3 Rfc8 18. Rfe1 Be6 19. Rac1 c5 20. b4 c4 21. Rc2 Rd8 22. h4 Rd3 23. Bb2 Rbd8 24. a4 Rd2 25. Rxd2 Rxd2 26. Re2 Rd3 27. Re3 Bh6 28. Rxd3 cxd3 {1-0 Djoric,D (2084)-Ivanovic,M (1625) 2nd Arandjelovac Open 2023 (7.30)}) 14... Qa6 {[%emt 0:06:57]} 15. Qc1 {[%emt 0:04:39]} Bd3 $146 {[%emt 0:09:22]} ({RR} 15... Rfd8 16. Bh6 Bh8 17. Qe3 Bf6 18. Qc5 Rac8 19. Be3 Qb5 20. Rad1 Qxc5 21. Bxc5 a5 22. c4 a4 23. Rxd8+ Rxd8 24. Rd1 Rb8 25. b4 Be6 26. Bxc6 Bxc4 27. Bxa4 Bxa2 28. Bc6 Bc4 29. Rd7 Rc8 30. Bb7 {½-½ Marquez Marvizon,A (1630)-Buch Prades,J (2075) Benidorm Nuevas Generaciones U16 8th 2012 (3)}) ({RR} 15... Rfd8 16. Re1 Rd7 17. Bd4 Bxd4 18. cxd4 Rc8 19. Qc5 Qb5 20. h3 Be6 21. Rac1 Qxc5 22. dxc5 Rd2 23. Re2 Rxe2 24. Bxe2 Bd5 25. Bc4 e6 26. b4 Rb8 27. Bxd5 exd5 28. Rb1 Kf8 29. a4 a6 30. Kf1 {½-½ Chukhlantseva,A (1928)-Skakun,V (1855) Moscow-ch (Women) 2010 (2)}) 16. Rd1 {[%emt 0:05:29]} Rfd8 {[%emt 0:00:59]} 17. Bh6 {[%emt 0:02:43]} Bh8 {[%emt 0:00:14]} 18. Qd2 {[%emt 0:04:15]} Qb6 {[%emt 0:05:20]} 19. Rac1 {[%emt 0:04:52]} Bf5 {[%emt 0:05:55]} 20. Qe2 {[%emt 0:02:17]} Rxd1+ {[%emt 0:04:39]} 21. Rxd1 {[%emt 0:02:39]} Qc7 {[%emt 0:03:09]} 22. Qc4 {[%emt 0:02:21]} Rc8 {[%emt 0:00:40]} 23. Qxc6 {[%emt 0:01:49]} Qxc6 {[%emt 0:02:16]} 24. Bxc6 {[%emt 0:00:15]} Bxc3 {[%emt 0:01:20]} 25. Bb7 {[%emt 0:03:11]} Rb8 {[%emt 0:00:49]} 26. Ba6 {[%emt 0:01:22]} Be5 {[%emt 0:02:35]} 27. Be3 {[%emt 0:01:32]} h5 {[%emt 0:00:35]} 28. Bc5 {[%emt 0:01:30]} Bf6 {[%emt 0:01:48]} 29. b4 {[%emt 0:01:03]} Be6 {[%emt 0:09:52]} 30. a3 {[%emt 0:02:31]} Bb2 {[%emt 0:00:42]} 31. Rd3 {[%emt 0:00:40]} Be5 {[%emt 0:07:46]} 32. a4 {[%emt 0:02:29]} Bd6 {[%emt 0:03:56]} 33. Bxd6 {[%emt 0:01:23]} exd6 {[%emt 0:00:02]} 34. b5 {[%emt 0:00:33]} Rd8 {[%emt 0:04:12]} 35. a5 {[%emt 0:00:40]} Bc4 {[%emt 0:00:15]} 36. Rc3 {[%emt 0:00:54]} d5 {[%emt 0:00:11]} 37. f4 {[%emt 0:00:55]} Rb8 {[%emt 0:01:19]} 38. Rc2 {[%emt 0:01:00]} Kf8 {[%emt 0:01:00]} 39. Kf2 {[%emt 0:00:23]} Ke7 {[%emt 0:00:18]} 40. Ke3 {[%emt 0:00:25]} Kd6 {[%emt 0:00:06]} 41. Rb2 {[%emt 0:00:58]} Kc5 {[%emt 0:00:56]} 42. Rc2 {[%emt 0:01:18]} Kb4 {[%emt 0:03:22]} 43. Kd4 {[%emt 0:01:01]} Kxa5 {[%emt 0:01:27]} 44. Kc5 {[%emt 0:01:38]} Ka4 {[%emt 0:05:51]} 45. Kc6 {[%emt 0:02:47]} Rb6+ {[%emt 0:01:06]} 46. Kc5 {[%emt 0:01:32]} Bxb5 {[%emt 0:01:14]} 47. Bxb5+ {[%emt 0:01:04]} Rxb5+ {[%emt 0:00:04]} 48. Kc6 {[%emt 0:00:27]} Rb4 {[%emt 0:01:53]} 49. Kxd5 {[%emt 0:01:38]} Rxf4 {[%emt 0:00:18]} 50. Ra2+ {[%emt 0:00:46]} Kb3 {[%emt 0:00:38]} 51. Rxa7 {[%emt 0:00:16]} Kc2 {[%emt 0:00:36]} 52. Ke5 {[%emt 0:01:41]} Rf5+ {[%emt 0:00:49]} 53. Ke4 {[%emt 0:00:55]} Kd2 {[%emt 0:00:07]} 54. Ra2+ {[%emt 0:01:04]} Ke1 {[%emt 0:00:30]} 55. Ke3 {[%emt 0:00:47]} Kf1 {[%emt 0:00:10]} 56. h3 {[%emt 0:01:26]} h4 {[%emt 0:00:59]} 57. Rb2 {[%emt 0:00:29]} Rg5 {[%emt 0:00:22]} 58. Kf3 {[%emt 0:01:22]} Rg3+ {[%emt 0:00:10]} 59. Kf4 {[%emt 0:00:27]} Kg1 {[%emt 0:00:33]} 60. Ra2 {[%emt 0:01:26]} Rxg2 {[%emt 0:00:09]} 61. Ra1+ {[%emt 0:00:10]} Kh2 {[%emt 0:00:25]} 62. Ra3 {[%emt 0:00:06]} Rg3 {[%emt 0:00:19]} 63. Ra1 {[%emt 0:00:35]} Kxh3 {[%emt 0:00:18]} 64. Rh1+ {[%emt 0:00:10]} Kg2 {[%emt 0:00:24]} 65. Rxh4 {[%emt 0:00:09]} g5+ {[%emt 0:00:05]} 0-1

[Event "45th Olympiad Budapest 2024"]
[Site "Budapest"]
[Date "2024.09.13"]
[Round "3"]
[Board "1"]
[White "Camp, Imogen A L"]
[Black "Lieketseng, Ngatane"]
[Result "1-0"]
[WhiteElo "1923"]
[BlackElo "1651"]
[PlyCount "67"]
[EventDate "2024.09.11"]
[EventType "team-tourn"]
[EventRounds "11"]
[EventCountry "HUN"]
[WhiteTeam "Wales"]
[BlackTeam "Lesotho"]
[WhiteTeamCountry "WLS"]
[BlackTeamCountry "LES"]

1. d4 {[%emt 0:00:05]} d5 {[%emt 0:00:13]} 2. c4 {[%emt 0:00:18]} c6 {[%emt 0:00:24]} 3. Nf3 {[%emt 0:00:26]} e6 {[%emt 0:00:55]} 4. e3 {[%emt 0:00:29]} Nf6 {[%emt 0:00:29]} 5. Nc3 {[%emt 0:01:28]} Bd6 {[%emt 0:01:06]} 6. Qc2 {[%emt 0:01:56]} Nbd7 {[%emt 0:00:51]} 7. Bd3 {[%emt 0:02:29]} O-O {[%emt 0:00:49]} 8. O-O {[%emt 0:01:22]} h6 {[%emt 0:00:37]} 9. e4 {[%emt 0:06:27]} dxe4 {[%emt 0:02:07]} 10. Nxe4 {[%emt 0:00:12]} Nxe4 {[%emt 0:00:28]} 11. Bxe4 {[%emt 0:00:06]} Nf6 {[%emt 0:04:15]} 12. Bd3 {[%emt 0:03:01]} b6 {[%emt 0:01:05]} ({RR} 12... c5 13. dxc5 Bxc5 14. Bf4 Bd6 15. Be5 Bxe5 16. Nxe5 Qc7 17. Qe2 b6 18. Rac1 Qc5 19. a3 a5 20. Rc3 Bb7 21. Bb1 Rfd8 22. Re1 Kf8 23. Rg3 Be4 24. Bxe4 Qxe5 25. Re3 Nxe4 26. Rxe4 Qf6 27. g3 {1-0 Strutinskaya,G (2054)-Lhagva,J (1918) Asian Seniors +65 2024 (5.2)}) 13. Re1 $146 {[%emt 0:06:37]} ({RR} 13. b3 Bb7 14. Bb2 c5 15. dxc5 Bxc5 16. Rad1 Qe7 17. Qe2 Nh5 18. g3 Rad8 19. Ne5 Qg5 20. Qd2 Qxd2 21. Rxd2 Nf6 22. Rfd1 Ne4 23. Bxe4 Rxd2 24. Rxd2 Bxe4 25. Nd7 Re8 26. Nxc5 bxc5 27. Kf1 Bf3 {½-½ Nguyen,H-Nguyen,N Tan Binh op 5th rapid 2000 (4)}) ({RR} 13. Be3 Bb7 14. h3 c5 15. dxc5 bxc5 16. Be2 Qc7 17. Rad1 Rad8 18. Nd2 Bh2+ 19. Kh1 Bf4 20. Bxf4 Qxf4 21. Bf3 Bxf3 22. Nxf3 g5 23. Qe2 Qe4 24. Rxd8 Qxe2 25. Rxf8+ Kxf8 {0-1 Francischone,R (1358)-Vieira,A (1718) Sao Paulo Karman Cup 2019 (1)}) ({RR} 13. c5 Be7 14. Rd1 bxc5 15. dxc5 Qa5 16. Be3 Nd5 17. Bd4 Bf6 18. Ne5 Qc7 19. Qe2 Nf4 20. Qe4 Nxd3 21. Rxd3 Ba6 22. Rg3 Rad8 23. Rc1 Rxd4 24. Qxd4 Bxe5 {0-1 Lekic,D (2363)-Ljubinkovic,M (2222) SRB-chT2 West 2018 (8.6)}) 13... c5 {[%emt 0:01:38]} 14. dxc5 {[%emt 0:03:00]} Bxc5 {[%emt 0:00:31]} 15. Bf4 {[%emt 0:00:39]} Bb7 {[%emt 0:02:08]} 16. Rad1 {[%emt 0:01:41]} Qe7 {[%emt 0:03:54]} 17. Qe2 {[%emt 0:05:37]} Rad8 {[%emt 0:06:08]} 18. a3 {[%emt 0:06:02]} a5 {[%emt 0:05:04]} 19. Ne5 {[%emt 0:05:17]} Bd4 {[%emt 0:02:45]} 20. Bb1 {[%emt 0:10:39]} Qc5 {[%emt 0:04:12]} 21. Bg3 {[%emt 0:15:45]} Rfe8 {[%emt 0:16:11]} 22. Rd2 {[%emt 0:05:25]} Bxe5 {[%emt 0:16:46]} 23. Rxd8 {[%emt 0:00:45]} Rxd8 {[%emt 0:00:14]} 24. Bxe5 {[%emt 0:00:07]} Ne8 {[%emt 0:05:45]} 25. h3 {[%emt 0:02:54]} f6 {[%emt 0:08:25]} 26. Bc3 {[%emt 0:05:36]} e5 {[%emt 0:02:36]} 27. Qg4 {[%emt 0:03:26]} Qe7 {[%emt 0:02:57]} 28. b4 {[%emt 0:06:05]} axb4 {[%emt 0:00:57]} 29. Bxb4 {[%emt 0:00:32]} Qf7 {[%emt 0:02:01]} 30. Bg6 {[%emt 0:00:45]} Qc7 {[%emt 0:00:24]} 31. Qe6+ {[%emt 0:00:36]} Kh8 {[%emt 0:00:24]} 32. Bxe8 {[%emt 0:00:20]} Bc8 {[%emt 0:00:37]} 33. Qf7 {[%emt 0:00:50]} Rxe8 {[%emt 0:00:33]} 34. Qxc7 {[%emt 0:00:26]} 1-0

[Event "45th Olympiad Budapest 2024"]
[Site "Budapest"]
[Date "2024.09.13"]
[Round "3"]
[Board "1"]
[White "Castillo Beitia, Ashley Alexandra"]
[Black "Gertrude, Banini"]
[Result "1/2-1/2"]
[WhiteElo "2071"]
[BlackElo "1712"]
[PlyCount "114"]
[EventDate "2024.09.11"]
[EventType "team-tourn"]
[EventRounds "11"]
[EventCountry "HUN"]
[WhiteTeam "Panama"]
[BlackTeam "Ghana"]
[WhiteTeamCountry "PAN"]
[BlackTeamCountry "GHA"]

1. d4 {[%emt 0:00:05]} d5 {[%emt 0:00:09]} 2. c4 {[%emt 0:00:02]} c6 {[%emt 0:00:06]} 3. Nc3 {[%emt 0:00:05]} Nf6 {[%emt 0:00:13]} 4. Nf3 {[%emt 0:00:02]} a6 {[%emt 0:00:16]} 5. cxd5 {[%emt 0:01:08]} cxd5 {[%emt 0:00:31]} 6. Bf4 {[%emt 0:00:56]} Nc6 {[%emt 0:01:10]} 7. e3 {[%emt 0:03:22]} Bg4 {[%emt 0:02:24]} 8. Bd3 {[%emt 0:00:16]} e6 {[%emt 0:00:54]} 9. h3 {[%emt 0:01:26]} Bh5 {[%emt 0:01:05]} 10. g4 {[%emt 0:01:18]} ({RR} 10. Rc1 Bd6 11. Bxd6 Qxd6 12. O-O O-O 13. Be2 Rac8 14. Ne1 Bxe2 15. Qxe2 Nd7 16. Nd3 Nb4 17. Nxb4 Qxb4 18. Nb1 Qa5 19. b3 Rc7 20. Rc2 Rfc8 21. Rfc1 Rxc2 22. Rxc2 Rxc2 23. Qxc2 Qe1+ 24. Kh2 g6 {0-1 Huebner,R (2600)-Georgiev,K (2645) Bundesliga 9697 1996 [2]}) ({RR} 10. Qb3 Nb4 11. Bb1 Bxf3 12. gxf3 b5 13. a4 bxa4 14. Qxa4+ Nd7 15. Nb5 Rc8 16. Nc3 Be7 17. Rg1 Kf8 18. Ke2 Nb6 19. Qd1 Nc4 20. Na4 f6 21. h4 Kf7 22. h5 f5 23. b3 Nb6 24. Be5 Rg8 {0-1 Garcia,A (2012)-Castano Ortiz,E (2051) XXXI Feria de las Flores 2024 (9.16)}) 10... Bg6 {[%emt 0:00:31]} 11. Ne5 {[%emt 0:04:15]} Bxd3 {[%emt 0:02:32]} 12. Qxd3 {[%emt 0:03:26]} Bd6 $146 {[%emt 0:02:04]} ({RR} 12... Be7 13. a3 Rc8 14. O-O O-O 15. Rac1 Nxe5 16. Bxe5 Nd7 17. Bf4 Nb6 18. Rc2 Qd7 19. Rfc1 Nc4 20. Nb1 Nxb2 21. Qe2 Nc4 22. e4 b5 23. exd5 exd5 24. Qf3 Rfe8 25. Re2 Bf6 26. Rxe8+ Rxe8 27. Nc3 {0-1 Matthey,H-Baum,B (2325) BL2-Ost 9293 1992 [2]}) 13. Bg3 {[%emt 0:02:30]} Rc8 {[%emt 0:03:47]} 14. f4 {[%emt 0:02:10]} Bb4 {[%emt 0:03:17]} 15. Bh4 {[%emt 0:04:19]} Qa5 {[%emt 0:02:09]} 16. O-O {[%emt 0:18:44]} Bxc3 {[%emt 0:05:28]} 17. bxc3 {[%emt 0:01:57]} Nxe5 {[%emt 0:01:49]} 18. fxe5 {[%emt 0:00:10]} Ne4 {[%emt 0:01:22]} 19. Be1 {[%emt 0:02:52]} Rc4 {[%emt 0:07:20]} 20. Rf4 {[%emt 0:05:46]} b5 {[%emt 0:01:53]} 21. Rxe4 {[%emt 0:03:39]} dxe4 {[%emt 0:00:38]} 22. Qxe4 {[%emt 0:02:55]} O-O {[%emt 0:01:23]} 23. h4 {[%emt 0:00:22]} Qa3 {[%emt 0:03:02]} 24. Qc2 {[%emt 0:04:45]} Rb8 {[%emt 0:05:52]} 25. Qb3 {[%emt 0:01:35]} Ra4 {[%emt 0:07:23]} 26. Qc2 {[%emt 0:05:47]} h6 {[%emt 0:01:58]} 27. g5 {[%emt 0:02:20]} hxg5 {[%emt 0:00:59]} 28. hxg5 {[%emt 0:00:11]} b4 {[%emt 0:11:29]} 29. g6 {[%emt 0:03:45]} b3 {[%emt 0:04:22]} 30. gxf7+ {[%emt 0:09:06]} Kxf7 {[%emt 0:00:36]} 31. axb3 {[%emt 0:00:44]} Qxa1 {[%emt 0:01:14]} 32. Qf2+ {[%emt 0:00:04]} Kg8 {[%emt 0:01:59]} 33. bxa4 {[%emt 0:00:26]} Qxa4 {[%emt 0:02:04]} 34. Qh4 {[%emt 0:02:05]} Qc6 {[%emt 0:03:30]} 35. e4 {[%emt 0:02:29]} a5 {[%emt 0:03:02]} 36. Qe7 {[%emt 0:03:42]} a4 {[%emt 0:02:45]} 37. Bh4 {[%emt 0:04:13]} Re8 {[%emt 0:03:42]} 38. Qa7 {[%emt 0:02:41]} Ra8 {[%emt 0:01:34]} 39. Qe7 {[%emt 0:00:18]} Qe8 {[%emt 0:01:57]} 40. Qa3 {[%emt 0:00:51]} Qg6+ {[%emt 0:00:25]} 41. Kh2 {[%emt 0:00:31]} Qxe4 {[%emt 0:01:04]} 42. Qe7 {[%emt 0:00:22]} Qf4+ {[%emt 0:01:41]} 43. Bg3 {[%emt 0:00:49]} Qf7 {[%emt 0:01:04]} 44. Qa3 {[%emt 0:00:15]} Qf8 {[%emt 0:00:28]} 45. Qa2 {[%emt 0:00:11]} Qf7 {[%emt 0:00:44]} 46. Qa3 {[%emt 0:00:03]} Qd7 {[%emt 0:01:45]} 47. Bh4 {[%emt 0:01:21]} Qd5 {[%emt 0:01:09]} 48. Qe7 {[%emt 0:00:57]} Rf8 {[%emt 0:03:30]} 49. Qa7 {[%emt 0:01:06]} Qc6 {[%emt 0:00:56]} 50. Qe7 {[%emt 0:05:49]} Rf3 {[%emt 0:02:10]} 51. Bg3 {[%emt 0:04:23]} Rxc3 {[%emt 0:02:23]} 52. d5 {[%emt 0:01:10]} exd5 {[%emt 0:03:10]} 53. e6 {[%emt 0:02:54]} Rf3 {[%emt 0:02:31]} 54. Qd8+ {[%emt 0:02:14]} Kh7 {[%emt 0:05:10]} 55. Qh4+ {[%emt 0:00:50]} Kg8 {[%emt 0:00:35]} 56. Qd8+ {[%emt 0:00:02]} Kh7 {[%emt 0:07:40]} 57. Qh4+ {[%emt 0:00:46]} Kg8 {[%emt 0:00:13]} 1/2-1/2

[Event "45th Olympiad Budapest 2024"]
[Site "Budapest"]
[Date "2024.09.13"]
[Round "3"]
[Board "3"]
[White "Caicedo Rios, Layla Yasmira"]
[Black "Felix, Tobi"]
[Result "1/2-1/2"]
[WhiteElo "1803"]
[BlackElo "1677"]
[PlyCount "74"]
[EventDate "2024.09.11"]
[EventType "team-tourn"]
[EventRounds "11"]
[EventCountry "HUN"]
[WhiteTeam "Panama"]
[BlackTeam "Ghana"]
[WhiteTeamCountry "PAN"]
[BlackTeamCountry "GHA"]

1. e4 {[%emt 0:00:07]} c6 {[%emt 0:00:11]} 2. Nc3 {[%emt 0:00:20]} d5 {[%emt 0:00:13]} 3. Nf3 {[%emt 0:00:10]} dxe4 {[%emt 0:00:37]} 4. Nxe4 {[%emt 0:00:15]} Nd7 {[%emt 0:00:32]} 5. d4 {[%emt 0:02:39]} Ngf6 {[%emt 0:00:31]} 6. Nxf6+ {[%emt 0:00:22]} Nxf6 {[%emt 0:00:09]} 7. c3 {[%emt 0:00:06]} Bf5 {[%emt 0:04:29]} 8. Bd3 {[%emt 0:07:00]} Bxd3 {[%emt 0:00:54]} 9. Qxd3 {[%emt 0:00:10]} e6 {[%emt 0:00:09]} 10. O-O {[%emt 0:00:54]} ({RR} 10. Bf4 Be7 11. O-O O-O 12. Rfe1 Re8 13. Rad1 Qa5 14. a3 Rad8 15. h3 Qb5 16. Qxb5 cxb5 17. Bg5 Nd5 18. Bxe7 Rxe7 19. Ne5 Rc7 20. Nd3 Nb6 21. Re5 a6 22. Re2 Kf8 23. g4 Na4 24. Kg2 h6 {0-1 Roberson,P (2426)-Nihal,S (2693) Titled Tue 6th Feb Late 2024 (4)}) 10... Bd6 {[%emt 0:00:48]} 11. Re1 {[%emt 0:01:03]} O-O $146 {[%emt 0:02:18]} ({RR} 11... Qc7 12. h3 O-O 13. Ne5 c5 14. Bg5 Nd5 15. Nc4 Be7 16. Bxe7 Nxe7 17. dxc5 Qxc5 18. Qd6 Qxc4 19. Qxe7 Qb5 20. Qb4 Qc6 21. Rad1 Rfd8 22. Rd4 Rd5 23. Red1 a5 24. Rxd5 exd5 25. Qd4 h6 26. Qxd5 {1-0 Perico,G (1875)-Iasman,I (1970) Bratto op-B 33rd 2013 (5)}) ({RR} 11... h6 12. b4 O-O 13. Bd2 b6 14. Qe2 Qc7 15. c4 {½-½ Armbruester,J (1961)-Chmielewski,A (1860) Schleswig Holstein-ch Seniors op 11th 2017 (8)}) ({RR} 11... Qc7 12. Bg5 O-O-O 13. Bh4 h6 14. Bg3 Bxg3 15. hxg3 Ng4 16. Qe4 h5 17. Ne5 Nxe5 18. Qxe5 Rh7 19. Qxc7+ Kxc7 20. Re5 Rd5 21. Rae1 Rh8 22. R5e4 Rhd8 23. f3 c5 24. dxc5 Rxc5 25. Kf2 Rcd5 26. R1e2 {½-½ Gradwohl,M (2140)-Velicka,P (2400) Regionalliga SO 9596 1995 (6)}) 12. Ne5 {[%emt 0:00:48]} Qc7 {[%emt 0:01:48]} 13. Qh3 {[%emt 0:04:23]} c5 {[%emt 0:03:33]} 14. Nf3 {[%emt 0:11:15]} cxd4 {[%emt 0:09:46]} 15. Nxd4 {[%emt 0:00:12]} Qc5 {[%emt 0:04:43]} 16. Be3 {[%emt 0:00:44]} Qh5 {[%emt 0:04:02]} 17. Qxh5 {[%emt 0:00:23]} Nxh5 {[%emt 0:00:04]} 18. Rad1 {[%emt 0:00:13]} Bf4 {[%emt 0:05:21]} 19. g3 {[%emt 0:04:47]} Bxe3 {[%emt 0:01:44]} 20. Rxe3 {[%emt 0:00:09]} Rfd8 {[%emt 0:02:31]} 21. Red3 {[%emt 0:00:30]} a6 {[%emt 0:02:59]} 22. Nb3 {[%emt 0:02:25]} Rxd3 {[%emt 0:05:25]} 23. Rxd3 {[%emt 0:00:08]} Nf6 {[%emt 0:01:34]} 24. Nc5 {[%emt 0:00:23]} Kf8 {[%emt 0:04:15]} 25. Nxb7 {[%emt 0:01:55]} Nd5 {[%emt 0:04:11]} 26. Nc5 {[%emt 0:00:24]} a5 {[%emt 0:05:32]} 27. Kf1 {[%emt 0:00:41]} Rc8 {[%emt 0:02:14]} 28. Ne4 {[%emt 0:02:36]} Ke7 {[%emt 0:06:13]} 29. Ke2 {[%emt 0:01:24]} f5 {[%emt 0:07:28]} 30. Nd2 {[%emt 0:23:59]} Rb8 {[%emt 0:00:56]} 31. Nc4 {[%emt 0:02:01]} a4 {[%emt 0:01:39]} 32. Kd2 {[%emt 0:00:14]} f4 {[%emt 0:10:28]} 33. Kc2 {[%emt 0:00:23]} Rc8 {[%emt 0:00:56]} 34. b3 {[%emt 0:00:12]} axb3+ {[%emt 0:02:36]} 35. axb3 {[%emt 0:00:05]} fxg3 {[%emt 0:01:00]} 36. hxg3 {[%emt 0:00:33]} Rf8 {[%emt 0:01:00]} 37. Rd2 {[%emt 0:00:13]} Rf3 {[%emt 0:00:23]} 1/2-1/2